Sports Quiz

Random Sports or Soccer Quiz

FourFourTwo Top 100 Players (2014) Quiz Stats

 Plays Quiz not verified by Sporcle

Score 0/100 Timer 20:00
0 Plays Today
Rank Player % Correct
3Lionel Messi
98.9%
1Cristiano Ronaldo
97.4%
5Gareth Bale
93.1%
4Manuel Neuer
92.6%
2Philipp Lahm
92.1%
10Arjen Robben
91%
6Zlatan Ibrahimovic
90.5%
8Luis Suarez
88.4%
12Andres Iniesta
87.8%
26Eden Hazard
87.8%
13Thomas Muller
86.8%
15Neymar
86.8%
29Thiago Silva
86.8%
16Sergio Aguero
85.2%
21Robert Lewandowski
84.7%
24David Silva
84.7%
32James Rodriguez
84.7%
18Luka Modric
84.1%
20Yaya Toure
84.1%
28Sergio Ramos
83.1%
34Alexis Sanchez
82.5%
57Xavi
82.5%
46David Alaba
81.5%
49Wayne Rooney
81.5%
14Toni Kroos
81%
45Robin Van Persie
81%
31Franck Ribery
80.4%
9Angel Di Maria
79.9%
64Edinson Cavani
79.9%
39Radamel Falcao
79.4%
22Bastian Schweinsteiger
78.8%
27Arturo Vidal
78.3%
54Gianluigi Buffon
78.3%
11Thibaut Courtois
77.8%
Rank Player % Correct
100Ricardo Rodriguez
77.8%
35Karim Benzema
76.7%
48Mesut Ozil
76.7%
7Diego Costa
76.2%
42Javier Mascherano
76.2%
56Giorgio Chiellini
76.2%
17Diego Godin
75.7%
19Cesc Fabregas
75.7%
23Marco Reus
75.1%
38Vincent Kompany
74.6%
25Mario Gotze
74.1%
61Mats Hummels
74.1%
30Ivan Rakitic
73.5%
33Sergio Busquets
73.5%
36Paul Pogba
73%
70Andrea Pirlo
73%
41Jerome Boateng
71.4%
63Keylor Navas
71.4%
59Gonzalo Higuain
70.9%
53Mario Mandzukic
70.4%
40Carlos Tevez
69.3%
86Aaron Ramsey
68.8%
43Xabi Alonso
68.3%
99Mario Balotelli
67.7%
50Arda Turan
66.7%
82David De Gea
66.7%
52Leonardo Bonucci
65.6%
44Branislav Ivanovic
64.6%
95Dani Alves
64.6%
71Marcelo
63.5%
75Antoine Griezmann
60.8%
84Henrikh Mkhitaryan
60.3%
37Nemanja Matic
59.3%
60Raheem Sterling
59.3%
Rank Player % Correct
74Javi Martinez
58.7%
78Juan Mata
58.2%
92Jackson Martinez
58.2%
66Daniele De Rossi
57.1%
85Raphael Varane
57.1%
72Miralem Pjanic
56.6%
69Pedro
56.1%
76Isco
56.1%
47Koke
55.6%
73Daniel Sturridge
55.6%
88Hugo Lloris
52.9%
62Francesco Totti
49.2%
58Oscar
48.1%
81Blaise Matuidi
48.1%
67Juan Cuadrado
47.1%
91Mehdi Benatia
47.1%
79Santi Cazorla
46.6%
97Memphis Depay
45.5%
80Gervinho
45%
93Pablo Zabaleta
41.3%
65Daley Blind
38.6%
89Samir Nasri
35.4%
98Stephan Lichtsteiner
34.9%
55Gabi
33.9%
77Dante
33.9%
90Ciro immobile
33.9%
83Cesar Azpilicueta
30.7%
51Antonio Di Natale
30.2%
94Mathieu Valbuena
27.5%
68Ezequiel Garay
23.8%
96Jose Callejon
16.4%
87Martin Caceres
13.2%

You're not logged in!

Compare scores with friends on all Sporcle quizzes.
OR
Log In

Sporcle TV

Today on Sporcle TV


Watch our educational content, quiz creation guides, and fun videos on Sporcle TV.

Show Comments

Extras

Top Quizzes Today


Score Distribution

Your Account Isn't Verified!

In order to create a playlist on Sporcle, you need to verify the email address you used during registration. Go to your Sporcle Settings to finish the process.

Report this User

Report this user for behavior that violates our Community Guidelines.

Details: